00421cam a22000977a 4500008004000000082001600040245016300056260005000219300001000269700004400279180718b1958 xxu||||| |||| 00| 0 eng d aY15x54 In2f aReport of working group of the government of India and the food and agriculture organization of the United Nationscby Ministry of Food and Agriculture, India aDelhibMinistry of Food and Agriculturec1958 a92+p. aIndia. Ministry of Food and Agriculture